000 00820nam a22002177a 4500
003 UA-OsUOA
001 130010
007 ta
008 20180402b un ||||| |||| 00| 0 ukr d
100 _aВізінська М.
090 _a81
_bВ55
942 _cSA
040 _aUA-OsUOA
_bukr
_cUA-OsUOA
_dUA-OsUOA
245 _aРобота з текстом на уроках української мови як засіб активації пізнавально-дослідницької діяльності учнів
300 _aС.35-40
955 _a0
041 _aukr
080 _a81
773 0 _w130006
_tУкраїнська мова і література в школі
_dК.
_d2018
_g1
650 7 _a8 Мовознавство. Художня література. Літературознавство
_2UDC
999 _c417938
_d417938